[Event "ESP-chT CECLUB Div2"]
[Site "Linares"]
[Date "2023.08.18"]
[Round "7.14"]
[White "Alonso Alvarez, Aitor"]
[Black "Rojo Huerta, Gabriel"]
[Result "1-0"]
[WhiteElo "2266"]
[BlackElo "2354"]
[PlyCount "135"]
[EventDate "2023.08.13"]
[EventType "team-swiss"]
[EventRounds "7"]
[EventCountry "ESP"]
[SourceTitle "EXT 2024"]
[Source "ChessBase"]
[SourceDate "2023.10.10"]
[SourceVersion "1"]
[SourceVersionDate "2023.10.10"]
[SourceQuality "1"]
[WhiteTeam "Vetusta Chess"]
[BlackTeam "Filantropos Equigoma"]
[WhiteTeamCountry "ESP"]
[BlackTeamCountry "ESP"]

1. c4 c5 2. Nf3 Nc6 3. Nc3 e5 4. e4 d6 5. d3 g6 6. Be2 Bg7 7. Nd5 Nce7 8. b4 Nxd5 9. cxd5 Ne7 10. 0-0 0-0 11. bxc5 dxc5 12. Be3 b6 13. a4 Bg4 14. Nd2 Bxe2 15. Qxe2 Nc8 16. a5 Nd6 17. axb6 axb6 18. Nc4 Qc7 19. Qb2 Nxc4 20. dxc4 Rfb8 21. Rxa8 Rxa8 22. Rb1 Bf6 23. g3 Bd8 24. f4 f6 25. Bd2 Qe7 26. fxe5 Qxe5 27. Qxe5 fxe5 28. Rb2 Ra4 29. Rc2 h5 30. Kf2 Kf7 31. Ke2 Bf6 32. Kd3 Ke7 33. Rb2 Ra6 34. Bc3 Kd7 35. Rf2 Ke7 36. Kc2 Ra2+ 37. Bb2 Ra4 38. Kd3 Rb4 39. Re2 Kd6 40. Bc3 Ra4 41. Rb2 Ra6 42. Rb1 Ke7 43. Ra1 Rxa1 44. Bxa1 Kd6 45. Kc3 Bg5 46. Kb3 Be3 47. Bc3 g5 48. h3 g4 49. hxg4 hxg4 50. Be1 Kc7 51. Ka4 Bd4 52. Kb5 Be3 53. Bc3 Bd4 54. Be1 Be3 55. Ka4 Kd6 56. Kb3 Kd7 57. Kc3 Kd6 58. Kd3 Bd4 59. Ke2 Kd7 60. Bd2 Bb2 61. Bg5 Bc3 62. Bf6 Bd4 63. Kd3 Kd6 64. Bh4 Kc7 65. Bf6 Kd6 66. Bd8 Bf2 67. Bxb6 Bxg3 68. Ke2 1-0

[Event "ESP-chT CECLUB Div2"]
[Site "Linares"]
[Date "2023.08.17"]
[Round "6.34"]
[White "Del Carmen Hernandez, Aimer"]
[Black "Alonso Alvarez, Aitor"]
[Result "0-1"]
[WhiteElo "2035"]
[BlackElo "2266"]
[PlyCount "54"]
[EventDate "2023.08.13"]
[EventType "team-swiss"]
[EventRounds "7"]
[EventCountry "ESP"]
[SourceTitle "EXT 2024"]
[Source "ChessBase"]
[SourceDate "2023.10.10"]
[SourceVersion "1"]
[SourceVersionDate "2023.10.10"]
[SourceQuality "1"]
[WhiteTeam "Oberena"]
[BlackTeam "Vetusta Chess"]
[WhiteTeamCountry "ESP"]
[BlackTeamCountry "ESP"]

1. d4 d5 2. Nc3 e6 3. Bf4 a6 4. e4 Nf6 5. f3 c5 6. Nge2 Nc6 7. exd5 Nxd5 8. dxc5 Bxc5 9. Nxd5 exd5 10. Qd2 Be6 11. Nc1 0-0 12. Nb3 Bb6 13. Bd3 a5 14. a4 Rc8 15. Be3 d4 16. Bg5 f6 17. Bf4 Nb4 18. Nc1 Re8 19. 0-0 Nxc2 20. Bxc2 Rxc2 21. Qd1 Bc4 22. Nd3 Ree2 23. Rf2 Bxd3 24. Rxe2 Bxe2 25. Qe1 d3+ 26. Kh1 Qd4 27. Qg3 d2 0-1

[Event "ESP-chT CECLUB Div2"]
[Site "Linares"]
[Date "2022.08.26"]
[Round "6.8"]
[White "Garcia Gonzalez, Omar"]
[Black "Alonso Alvarez, Aitor"]
[Result "0-1"]
[WhiteElo "2094"]
[BlackElo "2279"]
[PlyCount "68"]
[EventDate "2022.08.22"]
[EventType "team-swiss"]
[EventRounds "7"]
[EventCountry "ESP"]
[SourceTitle "CBM 209 Extra"]
[Source "ChessBase"]
[SourceDate "2022.09.30"]
[SourceVersion "1"]
[SourceVersionDate "2022.09.30"]
[SourceQuality "1"]
[WhiteTeam "Palacio de Pioneros"]
[BlackTeam "Vetusta Chess"]
[WhiteTeamCountry "ESP"]
[BlackTeamCountry "ESP"]

1. e4 e6 2. Nf3 d5 3. Nc3 Nf6 4. e5 Nfd7 5. d4 c5 6. dxc5 Nc6 7. Bf4 Nxc5 8. Be2 Be7 9. 0-0 a6 10. Nd4 Bd7 11. Nxc6 Bxc6 12. Be3 b5 13. a3 0-0 14. f4 Qb8 15. Bd4 a5 16. Bf3 b4 17. axb4 axb4 18. Rxa8 Qxa8 19. Ne2 Ne4 20. Nc1 Rc8 21. Be2 Ba4 22. b3 Be8 23. Bd3 Qa5 24. Ne2 Nc5 25. Bxc5 Bxc5+ 26. Kh1 Bb5 27. f5 Bxd3 28. Qxd3 Qc7 29. Qg3 exf5 30. Rxf5 Bf8 31. Qf3 g6 32. Rf4 Qxe5 33. h4 Rxc2 34. Rxf7 Bd6 0-1

[Event "ESP-chT CECLUB Div1"]
[Site "Linares"]
[Date "2019.08.26"]
[Round "1.4"]
[White "Alonso Alvarez, Aitor"]
[Black "Kokarev, Dmitry"]
[Result "1/2-1/2"]
[WhiteElo "2305"]
[BlackElo "2598"]
[PlyCount "79"]
[EventDate "2019.08.26"]
[EventType "team-tourn"]
[EventRounds "7"]
[EventCountry "ESP"]
[SourceTitle "EXT 2020"]
[Source "ChessBase"]
[SourceDate "2019.10.17"]
[SourceVersion "1"]
[SourceVersionDate "2019.10.17"]
[SourceQuality "1"]
[WhiteTeam "Real Oviedo"]
[BlackTeam "Oromana Schneider Electric"]
[WhiteTeamCountry "ESP"]
[BlackTeamCountry "ESP"]

1. Nf3 c5 2. g3 g6 3. Bg2 Bg7 4. d4 cxd4 5. Nxd4 Nc6 6. Nb3 d6 7. 0-0 Be6 8. Nc3 Bxc3 9. bxc3 Nf6 10. Bh6 Ng4 11. Bf4 Qd7 12. Nd4 0-0 13. Nxe6 Qxe6 14. Rb1 Rab8 15. Bd5 Qd7 16. c4 b6 17. Bg5 Rbc8 18. Qd2 Nce5 19. f3 Nf6 20. Bxf6 exf6 21. Qd4 Qc7 22. Rb4 Qc5 23. Qxc5 Rxc5 24. f4 Ng4 25. Rf3 Re8 26. e4 f5 27. exf5 gxf5 28. Ra4 Re1+ 29. Rf1 Rxf1+ 30. Kxf1 Ne3+ 31. Ke2 Nxd5 32. cxd5 Rxc2+ 33. Kd3 Rc7 34. Rc4 Rxc4 35. Kxc4 a6 36. a4 Kg7 37. Kb4 h5 38. h4 Kf6 39. a5 b5 40. Kc3 1/2-1/2

[Event "Las Palmas Isla Bonita op 4th"]
[Site "Las Palmas"]
[Date "2019.04.16"]
[Round "5.3"]
[White "Alonso Alvarez, Aitor"]
[Black "Hernandez Leon, Sergio"]
[Result "1-0"]
[WhiteElo "2284"]
[BlackElo "2157"]
[PlyCount "95"]
[EventDate "2019.04.13"]
[EventType "swiss"]
[EventRounds "7"]
[EventCountry "ESP"]
[SourceTitle "CBM 190 Extra"]
[Source "ChessBase"]
[SourceDate "2019.07.15"]
[SourceVersion "1"]
[SourceVersionDate "2019.07.15"]
[SourceQuality "1"]

1. d4 f5 2. Nc3 Nf6 3. Bg5 d5 4. Bxf6 exf6 5. e3 Be6 6. Bd3 Nc6 7. Qf3 Qd7 8. Nge2 Nb4 9. Nf4 Nxd3+ 10. cxd3 0-0-0 11. Nxe6 Qxe6 12. 0-0-0 g6 13. Kb1 Bb4 14. Ne2 Bd6 15. h4 Rhg8 16. Nf4 Bxf4 17. Qxf4 g5 18. hxg5 fxg5 19. Qe5 Qf7 20. Rh6 Rdf8 21. Re6 Rg7 22. Qxd5 Rg6 23. Re5 Qxd5 24. Rxd5 f4 25. e4 h5 26. Rh1 h4 27. f3 c6 28. Rc5 b6 29. Rc2 Kb7 30. Rhc1 Rf7 31. b4 a6 32. a4 Rd7 33. b5 Rxd4 34. Rxc6 Rxc6 35. Rxc6 Rxd3 36. Rg6 axb5 37. axb5 Rb3+ 38. Kc2 Rxb5 39. Kc3 Kc7 40. Kd4 Kd7 41. e5 Rb4+ 42. Kd5 Ke7 43. Rg7+ Kf8 44. Rxg5 Kf7 45. Rh5 Rb2 46. Rxh4 Rxg2 47. Rxf4+ Ke7 48. Rb4 1-0

[Event "Las Palmas Isla Bonita op 4th"]
[Site "Las Palmas"]
[Date "2019.04.13"]
[Round "1.4"]
[White "Alonso Alvarez, Aitor"]
[Black "Hernandez Luis, Victor Manuel"]
[Result "1-0"]
[WhiteElo "2284"]
[BlackElo "1468"]
[PlyCount "43"]
[EventDate "2019.04.13"]
[EventType "swiss"]
[EventRounds "7"]
[EventCountry "ESP"]
[SourceTitle "CBM 190 Extra"]
[Source "ChessBase"]
[SourceDate "2019.07.15"]
[SourceVersion "1"]
[SourceVersionDate "2019.07.15"]
[SourceQuality "1"]

1. e4 d5 2. exd5 Qxd5 3. Nc3 Qa5 4. d4 c6 5. Nf3 Nf6 6. Bc4 Bg4 7. h3 Bh5 8. g4 Bg6 9. Ne5 e6 10. Qe2 Nd5 11. Bd2 Qc7 12. Nxd5 cxd5 13. Bxd5 Nd7 14. Nxg6 hxg6 15. 0-0-0 0-0-0 16. Bg2 Kb8 17. Kb1 Be7 18. Qf3 Bf6 19. Bf4 e5 20. Bg3 Rc8 21. c3 Rhe8 22. Rhe1 1-0

[Event "ESP-chT CECLUB Div1"]
[Site "Linares"]
[Date "2018.08.09"]
[Round "4.2"]
[White "Alonso Moyano, Jonathan"]
[Black "Alonso Alvarez, Aitor"]
[Result "1/2-1/2"]
[WhiteElo "2388"]
[BlackElo "2306"]
[PlyCount "60"]
[EventDate "2018.08.06"]
[EventType "team-tourn"]
[EventRounds "7"]
[EventCountry "ESP"]
[SourceTitle "CBM 185 Extra"]
[Source "ChessBase"]
[SourceDate "2018.07.29"]
[SourceVersion "1"]
[SourceVersionDate "2018.07.29"]
[SourceQuality "1"]
[WhiteTeam "Barbera"]
[BlackTeam "Real Oviedo"]
[WhiteTeamCountry "ESP"]
[BlackTeamCountry "ESP"]

1. e4 e6 2. d4 d5 3. Nc3 dxe4 4. Nxe4 Nd7 5. Nf3 Ngf6 6. Nxf6+ Nxf6 7. Bg5 Be7 8. Bd3 0-0 9. Qd2 b6 10. 0-0-0 Bb7 11. h4 c5 12. dxc5 Qd5 13. Kb1 Qxc5 14. Bxf6 Bxf6 15. Ng5 g6 16. f4 Rfd8 17. h5 Ba6 18. Ne4 Qd4 19. Nxf6+ Qxf6 20. Qe3 Bxd3 21. Rxd3 Rxd3 22. cxd3 Rd8 23. Qe4 Qd4 24. hxg6 hxg6 25. Kc2 Rc8+ 26. Kb1 Rd8 27. Kc2 Rc8+ 28. Kb1 Rd8 29. Kc2 Rc8+ 30. Kb1 Rd8 1/2-1/2

[Event "ESP-chT CECLUB Div2"]
[Site "Linares"]
[Date "2016.08.18"]
[Round "4"]
[White "Alonso Alvarez, Aitor"]
[Black "Gonzalez Laso, Adrian"]
[Result "1/2-1/2"]
[WhiteElo "2242"]
[BlackElo "2179"]
[PlyCount "138"]
[EventDate "2016.08.16"]
[EventType "team"]
[EventRounds "6"]
[EventCountry "ESP"]
[SourceTitle "CBM 174 Extra"]
[Source "ChessBase"]
[SourceDate "2016.10.10"]
[SourceVersion "1"]
[SourceVersionDate "2016.10.10"]
[SourceQuality "1"]
[WhiteTeam "Real Oviedo"]
[BlackTeam "Solvay II"]
[WhiteTeamCountry "ESP"]
[BlackTeamCountry "ESP"]

1. Nf3 c5 2. e4 e6 3. d4 cxd4 4. Nxd4 a6 5. c4 Nf6 6. Bd3 Nc6 7. Nxc6 dxc6 8. 0-0 e5 9. Qc2 Be6 10. a3 a5 11. Nc3 Bc5 12. Na4 Bd4 13. Rb1 Ng4 14. b3 Qh4 15. h3 Nf6 16. Bb2 Rd8 17. Rfd1 0-0 18. Bxd4 Rxd4 19. Nc3 Qg5 20. Kh1 Nh5 21. Ne2 Nf4 22. Ng3 Rfd8 23. Bf1 c5 24. Rxd4 Rxd4 25. Rd1 Qd8 26. Rxd4 Qxd4 27. Kg1 b6 28. a4 g6 29. Be2 f5 30. Qd1 Nxe2+ 31. Qxe2 f4 32. Nf1 Kf7 33. Kh2 Qc3 34. Qd2 Qxb3 35. Qd6 Qxc4 36. Qc7+ Kf6 37. Nd2 Qd4 38. Nf3 Qxe4 39. Qd8+ Kg7 40. Qe7+ Bf7 41. Nxe5 Qf5 42. Nd7 g5 43. Nxb6 c4 44. Nxc4 Qe6 45. Qxg5+ Kf8 46. Ne5 f3 47. Nxf3 Qd6+ 48. Qe5 Qxe5+ 49. Nxe5 Bd5 50. f4 Ke7 51. g4 Kd6 52. h4 Kc5 53. h5 Bb3 54. g5 Bxa4 55. g6 h6 56. f5 Kd6 57. f6 Bb3 58. f7 Ke7 59. Nd7 Bxf7 60. gxf7 Kxf7 61. Kg3 Ke6 62. Nc5+ Kf5 63. Kh4 Kf4 64. Ne6+ Kf5 65. Nc5 Kf4 66. Na4 Kf5 67. Nb2 Kf4 68. Nd3+ Kf5 69. Nc5 Ke5 1/2-1/2

[Event "ESP-ch 81st"]
[Site "Linares"]
[Date "2016.08.11"]
[Round "7"]
[White "Alonso Alvarez, Aitor"]
[Black "Martinez Lopez, David"]
[Result "0-1"]
[WhiteElo "2242"]
[BlackElo "2334"]
[PlyCount "52"]
[EventDate "2016.08.05"]
[EventType "swiss"]
[EventRounds "9"]
[EventCountry "ESP"]
[SourceTitle "CBM 173 Extra"]
[Source "ChessBase"]
[SourceDate "2016.08.29"]
[SourceVersion "1"]
[SourceVersionDate "2016.08.29"]
[SourceQuality "1"]

1. d4 e6 2. c4 Nf6 3. g3 d5 4. Bg2 Bb4+ 5. Bd2 Be7 6. Nf3 0-0 7. 0-0 c6 8. Bf4 dxc4 9. Qc2 b5 10. b3 cxb3 11. axb3 Bb7 12. Bxb8 Qxb8 13. Ne5 Rc8 14. Nd3 Nd7 15. b4 a5 16. Nd2 axb4 17. Nb3 Ra3 18. Rxa3 bxa3 19. Ndc5 Nxc5 20. Nxc5 Qa7 21. Nxb7 Qxb7 22. Be4 g6 23. h4 b4 24. Qb3 Qb6 25. e3 c5 26. Rc1 c4 0-1

[Event "Gijon"]
[Site "Gijon"]
[Date "2014.07.02"]
[Round "9"]
[White "Alonso Alvarez, Aitor"]
[Black "Alvarez Fernandez, Enrique"]
[Result "1/2-1/2"]
[WhiteElo "2254"]
[BlackElo "2362"]
[PlyCount "23"]
[EventDate "2014.06.25"]
[EventType "tourn"]
[EventRounds "9"]
[EventCountry "ESP"]
[EventCategory "6"]
[SourceTitle "CBM 161 Extra"]
[Source "ChessBase"]
[SourceDate "2014.08.29"]
[SourceVersion "1"]
[SourceVersionDate "2014.08.29"]
[SourceQuality "1"]

1. c4 e5 2. Nc3 Nf6 3. g3 Bc5 4. Bg2 0-0 5. e3 Nc6 6. Nge2 d6 7. d4 Bb6 8. 0-0 a5 9. h3 Re8 10. b3 Bf5 11. d5 Ne7 12. e4 1/2-1/2

[Event "Gijon"]
[Site "Gijon"]
[Date "2014.06.30"]
[Round "8"]
[White "Kovacevic, Slobodan"]
[Black "Alonso Alvarez, Aitor"]
[Result "1/2-1/2"]
[WhiteElo "2359"]
[BlackElo "2254"]
[PlyCount "35"]
[EventDate "2014.06.25"]
[EventType "tourn"]
[EventRounds "9"]
[EventCountry "ESP"]
[EventCategory "6"]
[SourceTitle "CBM 161 Extra"]
[Source "ChessBase"]
[SourceDate "2014.08.29"]
[SourceVersion "1"]
[SourceVersionDate "2014.08.29"]
[SourceQuality "1"]

1. d4 c5 2. d5 Nf6 3. Nf3 g6 4. Nc3 Bg7 5. e4 d6 6. Be2 0-0 7. 0-0 e6 8. Nd2 exd5 9. exd5 Nbd7 10. a4 h6 11. Nc4 Ne5 12. Nxe5 dxe5 13. Be3 b6 14. Qd2 Kh7 15. h3 Ne8 16. Nb5 f5 17. f3 Nd6 18. Nxd6 1/2-1/2

[Event "Gijon"]
[Site "Gijon"]
[Date "2014.06.29"]
[Round "6"]
[White "Suarez Real, Alberto"]
[Black "Alonso Alvarez, Aitor"]
[Result "1-0"]
[WhiteElo "2415"]
[BlackElo "2254"]
[PlyCount "39"]
[EventDate "2014.06.25"]
[EventType "tourn"]
[EventRounds "9"]
[EventCountry "ESP"]
[EventCategory "6"]
[SourceTitle "CBM 161 Extra"]
[Source "ChessBase"]
[SourceDate "2014.08.29"]
[SourceVersion "1"]
[SourceVersionDate "2014.08.29"]
[SourceQuality "1"]

1. e4 c5 2. Nf3 d6 3. d4 cxd4 4. Nxd4 Nf6 5. Nc3 g6 6. Be3 Bg7 7. f3 0-0 8. Qd2 Nc6 9. 0-0-0 Nxd4 10. Bxd4 Be6 11. Kb1 Qc7 12. h4 Rfc8 13. h5 Qa5 14. hxg6 hxg6 15. a3 Rab8 16. Bd3 b5 17. Qg5 Qc7 18. e5 b4 19. exf6 exf6 20. Qxf6 1-0

[Event "Gijon"]
[Site "Gijon"]
[Date "2014.06.27"]
[Round "4"]
[White "Damaso, Rui"]
[Black "Alonso Alvarez, Aitor"]
[Result "1/2-1/2"]
[WhiteElo "2404"]
[BlackElo "2254"]
[PlyCount "39"]
[EventDate "2014.06.25"]
[EventType "tourn"]
[EventRounds "9"]
[EventCountry "ESP"]
[EventCategory "6"]
[SourceTitle "CBM 161 Extra"]
[Source "ChessBase"]
[SourceDate "2014.08.29"]
[SourceVersion "1"]
[SourceVersionDate "2014.08.29"]
[SourceQuality "1"]

1. Nf3 c5 2. e4 d6 3. Bb5+ Bd7 4. c4 Nc6 5. d4 cxd4 6. Nxd4 g6 7. 0-0 Bg7 8. Bxc6 Bxc6 9. Nc3 Nf6 10. Qd3 Qb6 11. Rd1 0-0 12. Be3 Ng4 13. Nxc6 Qxc6 14. Nd5 Rfe8 15. Bd4 Ne5 16. Qe2 e6 17. Nc3 Qxc4 18. Qxc4 Nxc4 19. Bxg7 Kxg7 20. Nb5 1/2-1/2

[Event "ESP-chT CECLUB Div1 GpB"]
[Site "Linares"]
[Date "2013.08.23"]
[Round "5.3"]
[White "Alonso Alvarez, Aitor"]
[Black "Coll Ortega, Jordi"]
[Result "1-0"]
[WhiteElo "2221"]
[BlackElo "2307"]
[PlyCount "83"]
[EventDate "2013.08.19"]
[EventType "team-tourn"]
[EventRounds "5"]
[EventCountry "ESP"]
[SourceTitle "CBM 156 Extra"]
[Source "ChessBase"]
[SourceDate "2013.10.22"]
[SourceVersion "1"]
[SourceVersionDate "2013.10.22"]
[SourceQuality "1"]
[WhiteTeam "Oviedo Universidad"]
[BlackTeam "Lleida"]
[WhiteTeamCountry "ESP"]
[BlackTeamCountry "ESP"]

1. f4 d5 2. Nf3 Nf6 3. e3 g6 4. Be2 Bg7 5. 0-0 0-0 6. d4 b6 7. Nbd2 c5 8. c3 Ng4 9. Nb1 Nh6 10. Qb3 Ba6 11. Re1 Bxe2 12. Rxe2 e6 13. Nbd2 Qc7 14. Nf1 Nd7 15. Bd2 b5 16. Be1 Rab8 17. h3 a5 18. a3 Rfc8 19. g4 f5 20. Ng5 Qb6 21. Nh2 b4 22. axb4 axb4 23. Qa4 Qd6 24. Qa7 Bf6 25. dxc5 Rxc5 26. cxb4 Rc7 27. Ra6 Rc6 28. Rxc6 Qxc6 29. Bc3 Bxg5 30. fxg5 Nf7 31. gxf5 gxf5 32. Nf3 Ra8 33. b5 Rxa7 34. bxc6 Nb8 35. b4 Nxc6 36. b5 Nb8 37. Nd4 Nd8 38. Bb4 Kf7 39. Rc2 Ke8 40. Rc8 Ra4 41. Rxb8 Rxb4 42. Rxd8+ 1-0

[Event "ESP-chT CECLUB Div1 GpB"]
[Site "Linares"]
[Date "2013.08.20"]
[Round "2.2"]
[White "Alonso Alvarez, Aitor"]
[Black "Arnedo Ruiz, Alberto"]
[Result "0-1"]
[WhiteElo "2221"]
[BlackElo "2188"]
[PlyCount "72"]
[EventDate "2013.08.19"]
[EventType "team-tourn"]
[EventRounds "5"]
[EventCountry "ESP"]
[SourceTitle "CBM 156 Extra"]
[Source "ChessBase"]
[SourceDate "2013.10.22"]
[SourceVersion "1"]
[SourceVersionDate "2013.10.22"]
[SourceQuality "1"]
[WhiteTeam "Oviedo Universidad"]
[BlackTeam "Solvay II"]
[WhiteTeamCountry "ESP"]
[BlackTeamCountry "ESP"]

1. e4 e5 2. Nf3 Nc6 3. Bb5 Bc5 4. 0-0 Qf6 5. Nc3 Nge7 6. d3 h6 7. Na4 Bb6 8. Nxb6 axb6 9. Re1 0-0 10. h3 d6 11. c3 g5 12. Nh2 Ng6 13. Qh5 Nf4 14. Bxf4 gxf4 15. Ng4 Bxg4 16. hxg4 Qg5 17. Qh3 Kg7 18. Kf1 Rh8 19. Bxc6 bxc6 20. Qh5 Qxh5 21. gxh5 Kf6 22. Ke2 Rhg8 23. Kf3 Rg5 24. Rh1 Rag8 25. Rh2 Ke6 26. c4 f5 27. Rc1 c5 28. Rc3 Ra8 29. a3 Rag8 30. Rb3 fxe4+ 31. dxe4 Rg3+ 32. fxg3 Rxg3+ 33. Kf2 Rxb3 34. Rh4 Rxb2+ 35. Kf1 Rb3 36. Rg4 Rg3 0-1

[Event "Oviedo Fapa op"]
[Site "Oviedo"]
[Date "2010.01.04"]
[Round "8"]
[White "Alonso Alvarez, Aitor"]
[Black "Martinez Otero, Daniel"]
[Result "1-0"]
[WhiteElo "2251"]
[BlackElo "1813"]
[PlyCount "48"]
[EventDate "2009.12.26"]
[EventType "swiss"]
[EventRounds "9"]
[EventCountry "ESP"]
[SourceTitle "CBM 134 Extra"]
[Source "ChessBase"]
[SourceDate "2010.03.03"]
[SourceVersion "1"]
[SourceVersionDate "2010.03.03"]
[SourceQuality "1"]

1. c4 e6 2. g3 d5 3. d4 Nf6 4. Bg2 Bd6 5. Nf3 0-0 6. 0-0 Nbd7 7. b3 dxc4 8. bxc4 c5 9. e3 Qc7 10. Nc3 a6 11. d5 exd5 12. Nxd5 Nxd5 13. cxd5 Ne5 14. Ne1 Re8 15. e4 Nc4 16. f4 Bf8 17. e5 Bd7 18. Qc2 Bb5 19. a4 Ne3 20. Bxe3 Bxf1 21. Bxf1 Rac8 22. Bh3 Rb8 23. d6 Qa5 24. Qxc5 Qxc5 1-0

[Event "Oviedo Fapa op"]
[Site "Oviedo"]
[Date "2009.12.27"]
[Round "2"]
[White "Alonso Alvarez, Aitor"]
[Black "Lazcano Arguelles, David"]
[Result "1-0"]
[WhiteElo "2251"]
[BlackElo "2044"]
[PlyCount "45"]
[EventDate "2009.12.26"]
[EventType "swiss"]
[EventRounds "9"]
[EventCountry "ESP"]
[SourceTitle "CBM 134 Extra"]
[Source "ChessBase"]
[SourceDate "2010.03.03"]
[SourceVersion "1"]
[SourceVersionDate "2010.03.03"]
[SourceQuality "1"]

1. e4 c5 2. Nf3 Nc6 3. d4 cxd4 4. Nxd4 g6 5. c4 Bg7 6. Be3 Nf6 7. Nc3 Ng4 8. Qxg4 Nxd4 9. Qd1 Ne6 10. Rc1 Qa5 11. a3 b6 12. Bd3 0-0 13. 0-0 Bxc3 14. Rxc3 Qe5 15. f4 Qg7 16. Bb1 d6 17. f5 Nc7 18. Qd2 Rd8 19. e5 d5 20. f6 Qf8 21. Bh6 Qe8 22. Bxg6 hxg6 23. Bg7 1-0

[Event "ESP-ch U26"]
[Site "La Pineda"]
[Date "2009.05.14"]
[Round "7"]
[White "Carrasco Sagredo, Manuel"]
[Black "Alonso Alvarez, Aitor"]
[Result "1-0"]
[WhiteElo "2143"]
[BlackElo "2247"]
[PlyCount "128"]
[EventDate "2009.05.12"]
[EventType "swiss"]
[EventRounds "9"]
[EventCountry "ESP"]
[SourceTitle "CBM 130 Extra"]
[Source "ChessBase"]
[SourceDate "2009.07.02"]
[SourceVersion "2"]
[SourceVersionDate "2009.07.15"]
[SourceQuality "1"]

1. c4 f5 2. Nf3 Nf6 3. Nc3 g6 4. g3 Bg7 5. Bg2 0-0 6. 0-0 d6 7. d3 c6 8. Bd2 e5 9. Qc1 Re8 10. e4 a5 11. Bh6 Na6 12. Bxg7 Kxg7 13. Qd2 Be6 14. exf5 Bxf5 15. Nh4 Be6 16. Rae1 Qd7 17. f4 exf4 18. Rxf4 Rf8 19. Ne4 Nxe4 20. Rfxe4 Nc7 21. Nf3 Rae8 22. Qxa5 Bf5 23. R4e3 Rxe3 24. Rxe3 Re8 25. Qe1 Kg8 26. d4 Rxe3 27. Qxe3 Qf7 28. Nd2 Ne6 29. d5 Nd8 30. b4 Qd7 31. Nb3 cxd5 32. Bxd5+ Be6 33. Nd4 Bxd5 34. cxd5 Nf7 35. b5 Ne5 36. Qf4 Qc7 37. Ne6 Qe7 38. a4 Nd7 39. a5 Nf6 40. Qf3 Nh5 41. b6 Ng7 42. a6 bxa6 43. b7 Nxe6 44. b8Q+ Nd8 45. Qf2 Kg7 46. Qbb2+ Kg8 47. Qbf6 Qe8 48. Q6f4 Nf7 49. Q4d4 Ne5 50. Qa7 Ng4 51. Qd2 Ne5 52. Qf4 Nd3 53. Qd2 Ne5 54. Qd1 Qf8 55. Qf2 Qe7 56. Qg2 Qg5 57. Qe1 Qg4 58. Qee2 Qd4+ 59. Qgf2 Qxd5 60. h4 a5 61. h5 a4 62. h6 Qe6 63. Qef1 Qe7 64. Qf6 Qd8 1-0

[Event "Oviedo op 3rd"]
[Site "Oviedo"]
[Date "2008.07.24"]
[Round "2"]
[White "Gonzalez Lopez, Angel Luis"]
[Black "Alonso Alvarez, Aitor"]
[Result "0-1"]
[WhiteElo "1828"]
[BlackElo "2191"]
[PlyCount "64"]
[EventDate "2008.07.23"]
[EventType "swiss"]
[EventRounds "9"]
[EventCountry "ESP"]
[SourceTitle "CBM 125 Extra"]
[Source "ChessBase"]
[SourceDate "2008.09.01"]
[SourceVersion "1"]
[SourceVersionDate "2008.09.01"]
[SourceQuality "1"]

1. d4 f5 2. c4 Nf6 3. Nc3 g6 4. Nf3 Bg7 5. e3 0-0 6. Bd3 d6 7. 0-0 c6 8. e4 fxe4 9. Nxe4 Bg4 10. h3 Bxf3 11. Qxf3 Nxe4 12. Qxe4 e5 13. Be3 Nd7 14. d5 Qc7 15. Rac1 Rae8 16. b3 Nf6 17. Qh4 Qf7 18. Bb1 cxd5 19. cxd5 Nxd5 20. Bh6 Bxh6 21. Qxh6 Nf4 22. Rcd1 d5 23. g3 Ne2+ 24. Kg2 Nc3 25. Rc1 Nxb1 26. Rxb1 Qf3+ 27. Kg1 Rc8 28. Qd2 d4 29. Rbc1 d3 30. Qe3 Qxe3 31. fxe3 Rxf1+ 32. Rxf1 d2 0-1

[Event "ESP-ch Universities"]
[Site "Madrid"]
[Date "2008.05.09"]
[Round "6"]
[White "Pousada Garcia, Daniel"]
[Black "Alonso Alvarez, Aitor"]
[Result "0-1"]
[WhiteElo "1986"]
[BlackElo "2191"]
[PlyCount "68"]
[EventDate "2008.05.08"]
[EventType "swiss"]
[EventRounds "9"]
[EventCountry "ESP"]
[SourceTitle "CBM 124 Extra"]
[Source "ChessBase"]
[SourceDate "2008.07.03"]
[SourceVersion "1"]
[SourceVersionDate "2008.07.03"]
[SourceQuality "1"]

1. e4 c5 2. Nf3 Nc6 3. c3 d5 4. exd5 Qxd5 5. d4 Bg4 6. Be2 cxd4 7. cxd4 e6 8. Nc3 Qd8 9. 0-0 Nf6 10. Be3 Be7 11. Qb3 Qb6 12. Qxb6 axb6 13. a3 0-0 14. Rac1 Rfd8 15. Rfd1 Nd5 16. Nxd5 Rxd5 17. h3 Bh5 18. g4 Bg6 19. Ne5 Nxe5 20. dxe5 Rxe5 21. Bf3 Be4 22. Bxe4 Rxe4 23. Rd7 Bf6 24. Rxb7 Bxb2 25. Rcc7 Rf8 26. Ra7 Bd4 27. Rc4 e5 28. Re7 h5 29. Bxd4 Rxd4 30. Rb4 hxg4 31. hxg4 Rxb4 32. axb4 Rd8 33. Rxe5 Rd4 34. b5 Rxg4+ 0-1